[Event "World op"]
[Site "Philadelphia"]
[Date "1993.??.??"]
[Round "8"]
[White "Zapata, Alonso"]
[Black "Fedorowicz, John P"]
[Result "1-0"]
[WhiteElo "2555"]
[BlackElo "2545"]

1.e4 c5 2.Nf3 d6 3.d4 cxd4 4.Nxd4 Nf6 5.Nc3 a6 6.Bc4 e6 7.Bb3 Nbd7 8.f4 Nc5
9.f5 e5 10.Nde2 Nxb3 11.axb3 h6 12.Ng3 Bd7 13.Nh5 Nxh5 14.Qxh5 Bc6 15.Be3 b5
16.O-O Be7 17.Rfd1 Qc7 18.Qg4 Bf6 19.b4 Bb7 20.Rd3 Ke7 21.Qd1 Rhd8 22.Qd2 Rd7
23.Rd1 Rad8 24.Qf2 Qb8 25.g4 Ke8 26.h4 Be7 27.f6 Bxf6 28.Bxh6 Rc8 29.g5 Bd8
30.Bxg7 Rxc3 31.Rxc3 Bxe4 32.Kh2 Bg6 33.Bf6 Bh5 34.Rf1 Bc7 35.g6 Bxg6 36.h5 Bh7
37.Rg1  1-0

[Event "USA-op"]
[Site "Chicago"]
[Date "1994.??.??"]
[Round "?"]
[White "Fedorowicz, John P"]
[Black "Chachere, Lawrence"]
[Result "1-0"]
[WhiteElo "2525"]
[BlackElo "2285"]

1.e4 c5 2.Nf3 d6 3.d4 Nf6 4.Nc3 cxd4 5.Nxd4 a6 6.a4 e6 7.Be2 Be7 8.O-O O-O
9.Be3 Qc7 10.f4 Nc6 11.Kh1 Re8 12.Bf3 Rb8 13.Qe2 Nxd4 14.Bxd4 e5 15.Ba7 Ra8
16.Be3 exf4 17.Bxf4 Be6 18.e5 Nd7 19.Nd5 Bxd5 20.Bxd5 Bf8 21.exd6 Qc5 22.Qh5 g6
23.Bxf7+ Kxf7 24.Qxh7+  1-0

[Event "USA-op"]
[Site "Chicago"]
[Date "1994.??.??"]
[Round "4"]
[White "Gelman, Geoffrey"]
[Black "Fedorowicz, John P"]
[Result "0-1"]
[WhiteElo "2225"]
[BlackElo "2525"]

1.e4 c5 2.Nf3 d6 3.d4 cxd4 4.Nxd4 Nf6 5.Nc3 a6 6.Bg5 Nc6 7.Qd2 e6 8.O-O-O Be7
9.Bxf6 gxf6 10.f4 Bd7 11.Be2 h5 12.Rhf1 Qb6 13.Nb3 O-O-O 14.f5 Kb8 15.Qf4 Ne5
16.Kb1 h4 17.Bd3 Rdg8 18.Rg1 Rg4 19.Qf1 Rhg8 20.h3 R4g5 21.Ne2 Qe3 22.Nbd4 Bd8
23.Nf3 Nxf3 24.Qxf3 Bb6 25.fxe6 Qxf3 26.gxf3 Bxg1 27.exd7 Bb6 28.Bc4 R5g7
29.a3 Kc7 30.Nf4 Rg1 31.Nd5+ Kxd7 32.Nxf6+ Kc6 33.Bf1 R8g3 34.f4 Rf3  0-1

[Event "USA-op"]
[Site "Chicago"]
[Date "1994.??.??"]
[Round "5"]
[White "Fedorowicz, John P"]
[Black "Pelts, Peter"]
[Result "1-0"]
[WhiteElo "2525"]
[BlackElo "2280"]

1.e4 c5 2.Nf3 d6 3.d4 cxd4 4.Nxd4 Nf6 5.Nc3 a6 6.a4 e6 7.Be2 Be7 8.O-O Nc6
9.Be3 O-O 10.f4 Qc7 11.Kh1 Bd7 12.Bf3 Rab8 13.Qe2 Rfe8 14.Nb3 Na5 15.Nxa5 Qxa5
16.Qf2 e5 17.Bb6 Qb4 18.fxe5 dxe5 19.Bc7 Rbc8 20.Bxe5 Bc5 21.Qg3 Rxe5 22.Qxe5 Bd4
23.Qf4 Qxb2 24.Nd5 Be5 25.Nxf6+ gxf6 26.Qd2 Be6 27.Rac1 Qa3 28.a5 Qc3 29.Qd1 Rc4
30.Qe2 Rd4 31.Rfd1 Qxa5 32.Bg4 Qc3 33.Bxe6 fxe6 34.Rxd4 Bxd4 35.Qg4+ Kf7
36.Rd1 e5 37.Qd7+ Kg6 38.Rf1 Qc6 39.Qf5+ Kg7 40.Rf3 Qb6 41.Rg3+ Kf8 42.Qc8+ Kf7
43.Rb3  1-0

[Event "USA-op"]
[Site "Chicago"]
[Date "1994.??.??"]
[Round "6"]
[White "Fedorowicz, John P"]
[Black "Brooks, Michael A"]
[Result "1-0"]
[WhiteElo "2525"]
[BlackElo "2450"]

1.d4 Nf6 2.c4 g6 3.Nc3 Bg7 4.e4 d6 5.f3 O-O 6.Be3 e5 7.d5 c6 8.Qd2 cxd5 9.cxd5 a6
10.Bd3 Nh5 11.Nge2 Nd7 12.O-O b5 13.b4 f5 14.exf5 gxf5 15.a4 bxa4 16.Rxa4 Bb7
17.Ra5 e4 18.fxe4 f4 19.Nxf4 Nxf4 20.Rxf4 Rxf4 21.Bxf4 Qb6+ 22.Kh1 Qxb4 23.Nb1 Qb6
24.Ra3 Ne5 25.Be3 Qd8 26.Rb3 Bc8 27.Bg5 Qf8 28.Be2 a5 29.Rg3 Kh8 30.Na3 a4
31.Be3 Bd7 32.Bd4 Rb8 33.h3 Bh6 34.Qc2 Qf4 35.Rf3 Qc1+ 36.Qxc1 Bxc1 37.Nc4 Kg8
38.Nxe5 dxe5 39.Bxe5 Rb1 40.Rg3+ Kf7 41.Bh5+ Ke7 42.Kh2 a3 43.Rg7+ Kd8 44.Rg8+ Ke7
45.Ra8 Rb4 46.Ra6 Ra4 47.Rb6 Rxe4 48.Bd6+ Kd8 49.Rb8+ Bc8 50.Bg4 Rxg4 51.hxg4 a2
52.Ra8 Kd7 53.Be5 Bb7 54.Ra7 Ke8 55.d6 Bc8 56.Kg3  1-0

[Event "USA-op"]
[Site "Chicago"]
[Date "1994.??.??"]
[Round "8"]
[White "Gurevich, Dmitry"]
[Black "Fedorowicz, John P"]
[Result "1/2-1/2"]
[WhiteElo "2535"]
[BlackElo "2525"]

1.d4 Nf6 2.c4 c5 3.Nf3 cxd4 4.Nxd4 b6 5.Nc3 Bb7 6.f3 d6 7.e4 e6 8.Be3 Be7
9.Qa4+ Nfd7 10.Be2 O-O 11.O-O a6 12.Rfd1 Qc7 13.Qc2 Nf6 14.Bf1 Nbd7 15.Qf2 Rfe8
16.a4 Ne5 17.Rdc1 Rab8 18.Kh1 Ba8 19.b3 Ned7 20.Qa2 Bf8 21.Bg1 h6 22.a5 bxa5
23.Qxa5 Qxa5 24.Rxa5 Bb7 25.b4 Rec8 26.Nb3 Be7 27.Ra4 Bc6 28.b5 Bb7 29.Raa1 axb5
30.cxb5 Bd8 31.Na4 Rxc1 32.Rxc1 Ra8 33.Nb2 d5 34.exd5 Bxd5 35.Nd4 Bb6 36.Nc6 Kf8
37.Bc4 Bxg1 38.Kxg1 Nb6 39.Bxd5 Nfxd5 40.Nd1 Ra3 41.Nf2 Rb3 42.Nd4 Rb4 43.Rd1 Rb2
44.g3 g5 45.Nd3 Ra2 46.Nc1 Ra1 47.Ndb3 Ra3 48.Kf2 Ke7 49.Rd2 Kd6 50.Rc2 Kd7  1/2-1/2

[Event "New York MCC"]
[Site "New York"]
[Date "1994.??.??"]
[Round "2"]
[White "Arnett, David A"]
[Black "Fedorowicz, John P"]
[Result "0-1"]
[WhiteElo "2350"]
[BlackElo "2520"]

1.d4 Nf6 2.Nf3 e6 3.c4 b6 4.g3 Ba6 5.b3 Bb4+ 6.Bd2 Be7 7.Bc3 O-O 8.Bg2 Bb7
9.O-O Qc8 10.Nbd2 c5 11.Re1 cxd4 12.Nxd4 Bxg2 13.Kxg2 Qb7+ 14.e4 d6 15.f4 a6
16.Qf3 Ra7 17.g4 Nfd7 18.g5 Nc6 19.Nf1 Nxd4 20.Bxd4 e5 21.fxe5 dxe5 22.Be3 f6
23.Ng3 fxg5 24.Qg4 Nc5 25.Rf1 Rf4 26.Bxf4 gxf4 27.Nf5 Bf8 28.Rfe1 g6 29.Kf3 Kf7
30.Rad1 Qc6 31.Nh4 Be7 32.Rd5 h5 33.Qh3 Qf6 34.Nf5 Ne6 35.Rg1 Ng5+ 36.Rxg5 Qxg5
37.Rxe5 Qg4+ 38.Qxg4 hxg4+ 39.Kxg4 gxf5+ 40.Rxf5+ Ke6 41.Kxf4 Ra8 42.Re5+ Kf6
43.Rd5 Rh8 44.Kg3 Ke6 45.a4 a5 46.Kg2 Rh4 47.Rb5 Bc5 48.b4 Bxb4 49.Rxb6+ Ke5
50.Kg3 Rxe4 51.Rb5+ Kd4 52.c5 Kd5  0-1

[Event "New York MCC"]
[Site "New York"]
[Date "1994.??.??"]
[Round "5"]
[White "Fedorowicz, John P"]
[Black "Sagalchik, Gennadij"]
[Result "1/2-1/2"]
[WhiteElo "2520"]
[BlackElo "2545"]

1.d4 Nf6 2.c4 e6 3.Nc3 Bb4 4.e3 c5 5.Bd3 O-O 6.Ne2 d5 7.cxd5 cxd4 8.exd4 Nxd5
9.O-O Nc6 10.a3 Be7 11.Bc2 b6 12.Qd3 g6 13.Bh6 Re8 14.Qf3 Bb7 15.Be4 Nxc3
16.bxc3 Qd7 17.Qe3 Na5  1/2-1/2

[Event "New York Murphy-ACF"]
[Site "New York"]
[Date "1994.??.??"]
[Round "6"]
[White "Levitt, Jonathan"]
[Black "Fedorowicz, John P"]
[Result "0-1"]
[WhiteElo "2445"]
[BlackElo "2520"]

1.d4 Nf6 2.c4 g6 3.Nc3 Bg7 4.e4 d6 5.f3 O-O 6.Be3 c5 7.dxc5 dxc5 8.Qxd8 Rxd8
9.Bxc5 Nc6 10.Be3 b6 11.Rc1 Nd7 12.Nh3 Nc5 13.Nf2 Be6 14.Be2 Nb4 15.Bxc5 bxc5
16.Nfd1 Bh6 17.Rb1 Rd2 18.Nd5 Nc2+ 19.Kf2 Bxd5 20.cxd5 Rb8 21.Nc3 Nd4 22.Rhd1 Rbxb2
23.Rxb2 Rxb2 24.a4 Rc2 25.Rd3 Bg7 26.f4 e5 27.Kf1 c4 28.Rh3 exf4 29.d6 f3
30.d7 fxe2+  0-1

[Event "New York MCC"]
[Site "New York"]
[Date "1994.??.??"]
[Round "9"]
[White "Berkovich, Dmitry"]
[Black "Fedorowicz, John P"]
[Result "1/2-1/2"]
[WhiteElo "2415"]
[BlackElo "2520"]

1.d4 Nf6 2.c4 g6 3.Nc3 d5 4.Nf3 Bg7 5.g3 dxc4 6.Bg2 O-O 7.O-O c6 8.a4 a5
9.e4 Na6 10.Qe2 Nb4 11.Qxc4 Nd7 12.Bf4 Nb6 13.Qe2 Be6 14.Rfc1 Bc4 15.Qd2 Nd3
16.Rd1 Nxf4 17.Qxf4 Qd6 18.Qxd6 exd6 19.b3 Be6 20.Rab1 d5 21.Ng5 Bg4 22.f3 Bd7
23.Bh3 Bxh3 24.Nxh3 dxe4 25.fxe4 Rad8 26.Ne2 Rfe8 27.Nf2 Bf8 28.Kf1 Nd7 29.Rd3 Nf6
30.Nc3 Bb4 31.e5 Bxc3 32.Rxc3 Nd5 33.Rc5 Ne3+ 34.Kg1 Rxd4 35.Rxa5 Nd5 36.Ra7 Re7
37.a5 Kg7 38.Rc1 Rd2 39.a6 bxa6 40.Rxe7 Nxe7 41.Ra1 Rd5 42.Rxa6 Rxe5 43.Ra7 Nf5
44.Rc7 Nd4 45.b4 h5 46.Rd7 Nf5 47.Rc7 Re6 48.Nd3 g5 49.Kf2 Nd4 50.Rd7 Nb5
51.h4 gxh4 52.gxh4 Re4 53.Kf3 Rxh4 54.Ne5 Kf6 55.Nxc6 Ke6 56.Rb7 Nd6 57.Nd8+ Kf5
58.Rd7 Rf4+ 59.Kg2 Ke5 60.b5 Nxb5  1/2-1/2

[Event "New York MCC"]
[Site "New York"]
[Date "1994.??.??"]
[Round "11"]
[White "Leveille, Francois"]
[Black "Fedorowicz, John P"]
[Result "0-1"]
[WhiteElo "2370"]
[BlackElo "2520"]

1.Nf3 Nf6 2.g3 g6 3.Bg2 Bg7 4.O-O O-O 5.c4 d6 6.d4 Nc6 7.Nc3 Bf5 8.d5 Na5
9.Nd4 Bd7 10.b3 c5 11.dxc6 bxc6 12.e4 c5 13.Nc2 Rb8 14.h3 Qc8 15.g4 Nc6 16.Bd2 h5
17.f3 hxg4 18.hxg4 Nd4 19.Be3 e5 20.g5 Nh5 21.Nd5 Qd8 22.Nxd4 cxd4 23.Bd2 Be6
24.Nb4 Nf4 25.Bxf4 exf4 26.Nc6 Qxg5 27.Nxb8 d3 28.Nc6 Qc5+ 29.Kh2 Qxc6 30.Qxd3 Qc5
31.Rad1 Qh5+ 32.Kg1 Be5 33.Kf2 a5 34.Rh1 Qg5 35.Rdg1 a4 36.Ke2 axb3 37.Bh3 Qf6
38.Bxe6 bxa2 39.Bd5 a1=Q 40.Rxa1 Bxa1 41.Qb1 Be5 42.Qg1 Bd4 43.Qg4 Kg7 44.Rb1 Be3  0-1

[Event "World op"]
[Site "Philadelphia"]
[Date "1994.??.??"]
[Round "?"]
[White "Shaked, Tal"]
[Black "Fedorowicz, John P"]
[Result "1/2-1/2"]
[WhiteElo "2370"]
[BlackElo "2520"]

1.e4 c5 2.c3 d6 3.d4 Nf6 4.Bd3 Nc6 5.Nf3 Bg4 6.d5 Nb8 7.h3 Bxf3 8.Qxf3 g6
9.O-O Bg7 10.Qe2 O-O 11.c4 e6 12.Nc3 exd5 13.cxd5 Nbd7 14.Bf4 Qe7 15.Bh2 Ne8
16.f4 a6 17.a4 Bd4+ 18.Kh1 Nc7 19.Rae1 Rae8 20.Bc4 Qh4 21.Qf3 b5 22.axb5 Bxc3
23.Qxc3 axb5 24.Bb3 Qe7 25.Bg3 f6 26.Bc2 Qd8 27.b4 Na6 28.bxc5 Naxc5 29.Qb4 Qb6
30.Rb1 Rf7 31.Rfe1 Rfe7 32.e5 fxe5 33.fxe5 Nxe5 34.Qxb5 Qc7 35.Bh4 Rd7 36.Qb6 Ra8
37.Qxc7 Rxc7 38.Bg3 Ncd7 39.Bb3 Rc3 40.Bh2 Ra3 41.Bd1 h5 42.Be2 Rab3 43.Bb5 Rxb1
44.Rxb1 Rc5 45.Bxd7  1/2-1/2

[Event "Las Vegas op"]
[Site "Las Vegas"]
[Date "1995.??.??"]
[Round "3"]
[White "Fedorowicz, John P"]
[Black "Filatov, Leonid"]
[Result "1/2-1/2"]
[WhiteElo "2545"]
[BlackElo "2355"]

1.e4 e6 2.d4 d5 3.Nc3 Bb4 4.e5 c5 5.a3 Bxc3+ 6.bxc3 Ne7 7.h4 Nbc6 8.h5 Qa5
9.Bd2 cxd4 10.cxd4 Qa4 11.Nf3 Nxd4 12.Bd3 Nec6 13.Kf1 Nxf3 14.Qxf3 Qd4 15.Re1 Nxe5
16.Qg3 Nxd3 17.cxd3 Bd7 18.Rh4 Qb2 19.Bc1 Qc3 20.Rb4 b6 21.Bb2 Qd2 22.Bxg7 Rg8
23.h6 Rc8 24.Rbb1 Ba4 25.Kg1 Kd7 26.Qf3 f5 27.Qh5 Rge8 28.Qf7+ Re7 29.Qf6 Bc2
30.Ra1 Qxd3 31.Bf8 Rxf8 32.Qxf8 Qc3 33.Qb8 d4 34.Qxa7+ Qc7 35.Qa6 d3 36.Rad1 Bxd1
37.Rxd1 Ke8 38.Qxd3 Rd7 39.Qb5 Ke7 40.Re1 Qc5 41.Qb3 Qd6 42.Qe3 Kf6 43.Qc3+ Kg6
44.Qh8 Rf7 45.Re3 f4 46.Qg8+ Kf6 47.Re1 Qd5 48.Qb8 f3 49.Re3 fxg2 50.Rg3 Ke7
51.Qc7+ Qd7 52.Qc2 Qd5 53.Rc3 Rf5 54.Rc7+ Kf6 55.Qc3+ Qe5 56.Qxe5+ Rxe5 57.Rxh7 Ra5
58.Rb7  1/2-1/2

[Event "Las Vegas op"]
[Site "Las Vegas"]
[Date "1995.??.??"]
[Round "4"]
[White "Anderson, Renard"]
[Black "Fedorowicz, John P"]
[Result "0-1"]
[WhiteElo "2310"]
[BlackElo "2545"]

1.e4 c5 2.Nf3 d6 3.d4 cxd4 4.Nxd4 Nf6 5.Nc3 a6 6.Bc4 e6 7.Bb3 b5 8.O-O Be7
9.Qf3 Qc7 10.Re1 Bd7 11.a3 Nc6 12.Nxc6 Bxc6 13.Qg3 O-O 14.Bh6 Ne8 15.Rad1 Kh8
16.Bc1 a5 17.Nb1 Nf6 18.Nd2 Qb7 19.f3 Nd7 20.Nf1 Nc5 21.Ba2 b4 22.Be3 Na4
23.axb4 Qxb4 24.Rb1 Nc5 25.Nd2 Qa4 26.Bc4 Qxc2 27.Rec1 Qa4 28.Bd4 Rg8 29.Bc3 Bd7
30.Ra1 Qc6 31.Nb3 Nxb3 32.Bxb3 Qb6+  0-1

[Event "Lexington"]
[Site "Lexington"]
[Date "1995.??.??"]
[Round "?"]
[White "Gurevich, Dmitry"]
[Black "Fedorowicz, John P"]
[Result "1/2-1/2"]
[WhiteElo "2525"]
[BlackElo "2510"]

1.Nf3 Nf6 2.d4 c5 3.d5 e6 4.Nc3 exd5 5.Nxd5 Nxd5 6.Qxd5 Be7 7.e4 O-O 8.Bc4 d6
9.O-O Nd7 10.Qd3 Nb6 11.Bb3 Bg4 12.Nd2 Be6 13.Nc4 Nxc4 14.Bxc4 Qd7 15.Bf4 Bxc4
16.Qxc4 Qe6 17.Qd3 Rad8 18.Rfe1 Qf6 19.g3 Qxb2 20.Rab1 Qxa2 21.Rxb7 Rfe8
22.Qd5 Qxd5 23.exd5 g5 24.Be3 Bf6 25.Rxa7 Bd4 26.Kf1 Re5 27.c4 Rde8 28.Bd2 Rxe1+
29.Bxe1 Rb8 30.Ra6 Be5 31.h3 Rb2 32.f4 gxf4 33.gxf4 Bd4 34.Rxd6 Rc2 35.Rc6 Kf8
36.Rc8+ Ke7 37.Bh4+ f6 38.Rc7+ Kd6 39.Rc6+ Ke7 40.Re6+ Kd7 41.Bxf6 Rxc4 42.Be5 Bxe5
43.fxe5 Rd4 44.Rd6+ Ke7 45.Kf2 c4 46.Ke3 Rd1 47.Ke4 c3 48.Rc6 Rc1 49.d6+ Ke6
50.Rc7 Re1+ 51.Kd4 Rxe5 52.Kxc3 Kxd6 53.Rxh7  1/2-1/2

[Event "World op"]
[Site "Philadelphia"]
[Date "1995.??.??"]
[Round "1"]
[White "Fedorowicz, John P"]
[Black "Khatena, Moshe"]
[Result "1/2-1/2"]
[WhiteElo "2510"]
[BlackElo "2275"]

1.e4 Nf6 2.e5 Nd5 3.d4 d6 4.Nf3 g6 5.Bc4 Nb6 6.Bb3 Bg7 7.a4 a5 8.Qe2 dxe5
9.dxe5 Nc6 10.O-O Nd4 11.Nxd4 Qxd4 12.e6 Bxe6 13.Bxe6 fxe6 14.Qxe6 Qd6 15.Qe2 O-O
16.Nd2 Qc6 17.Qe4 Nd5 18.Nf3 Nb4 19.Qxc6 Nxc6 20.c3 Rfd8 21.Re1 Rd5 22.Kf1 Rad8
23.Be3 Ne5 24.Nxe5 Bxe5 25.g3 Kf7 26.Ke2 Bf6 27.h4 h5 28.Rac1 R8d7 29.Rc2 R7d6
30.Rb1 Rd3 31.Rd2 Rxd2+ 32.Bxd2 b6 33.Be3 Ke6 34.Rc1 Kd7 35.Kf3 Kc6 36.Ke4 Kd7
37.Bf4 Re6+ 38.Kd3 c6 39.b4 Be5 40.Be3 Bc7 41.Bd4 Rd6 42.Ke4 Re6+ 43.Kf3 Rd6
44.bxa5 bxa5 45.g4 Rd5 46.gxh5 gxh5 47.Ke4 Ke6 48.Rg1 Be5 49.Rg8 Bf6 50.Bxf6 exf6
51.Re8+ Kd7 52.Rh8  1/2-1/2

[Event "World op"]
[Site "Philadelphia"]
[Date "1995.??.??"]
[Round "8"]
[White "Reprintsev, Alexander"]
[Black "Fedorowicz, John P"]
[Result "0-1"]
[WhiteElo "2370"]
[BlackElo "2510"]

1.e4 c5 2.b3 d6 3.Bb2 e6 4.Nf3 Nd7 5.d4 cxd4 6.Qxd4 Ngf6 7.Nc3 a6 8.O-O-O Qc7
9.Nd2 b5 10.f4 e5 11.Qe3 Be7 12.g4 Nb6 13.g5 Ng4 14.Qf3 exf4 15.Qxf4 O-O
16.Nd5 Nxd5 17.exd5 f6 18.Qd4 Bf5 19.Ne4 Nf2 20.Qxf2 Bxe4 21.Bd3 Bxd3 22.Rxd3 fxg5
23.Qg3 Rf7 24.Re1 Raf8 25.Bd4 Bf6 26.Rc3 Qa5 27.Bxf6 Rxf6 28.Kb2 b4 29.Rd3 Qc5
30.Re4 h6 31.Rc4 Qa5 32.a4 bxa3+ 33.Ka2 Rf4 34.Rc6 Qb4 35.Qe3 Rf2 36.Rd4 Qb8
37.Rdc4 R2f6 38.Rxa6 Qb5 39.Rcc6 Qxd5 40.Kxa3 Qh1 41.Qd2 Qa1+ 42.Kb4 Qe5
43.c4 Rb8+ 44.Ka3 Qa1+ 45.Qa2 Qe1  0-1

[Event "San Francisco op"]
[Site "San Francisco"]
[Date "1995.??.??"]
[Round "?"]
[White "Fedorowicz, John P"]
[Black "Shaked, Tal"]
[Result "1/2-1/2"]
[WhiteElo "2545"]
[BlackElo "2385"]

1.d4 Nf6 2.c4 g6 3.Nc3 Bg7 4.e4 d6 5.f3 O-O 6.Be3 c5 7.d5 e6 8.Qd2 exd5 9.cxd5 a6
10.Nge2 Nbd7 11.Ng3 h5 12.Be2 h4 13.Nf1 b5 14.Bh6 Ne5 15.Bxg7 Kxg7 16.Ne3 Nh5
17.O-O Nf4 18.Nf5+ gxf5 19.Qxf4 Ng6 20.Qd2 f4 21.b4 cxb4 22.Qd4+ Qf6 23.Qxb4 Bd7
24.e5 dxe5 25.Ne4 Qb6+ 26.Qc5 Rab8 27.Rac1 Rfd8 28.Qxb6 Rxb6 29.Rc7 Kf8 30.Rd1 Ne7
31.d6 Nc6 32.Kf2 Nd4 33.Rc5 Nc6 34.g3 fxg3+ 35.hxg3 hxg3+ 36.Kxg3 Kg7 37.Kf2 f6
38.f4 Rh8 39.fxe5 Nxe5 40.Rc7 Kg6 41.Rg1+ Kf5 42.Ke3 Ke6 43.Rg7 Bc6 44.Rce7+ Kd5
45.Nxf6+ Kxd6 46.Ne4+ Bxe4 47.Kxe4 Rh4+ 48.Kf5 Nc6 49.Re6+ Kc5 50.Rc7 Rd4
51.Bf3 Rd6 52.Rc8 b4 53.Be4 Rxe6 54.Kxe6 Kb5 55.Kd7 Ne5+ 56.Ke7 a5 57.Bd5 Nc6+
58.Kd7 Ne5+ 59.Ke7 Nc6+ 60.Kd7 Nd4 61.Bc4+ Ka4 62.Rc5 Rb7+ 63.Kd6 b3 64.axb3+ Nxb3
65.Rh5 Rb4 66.Bf7 Rd4+ 67.Kc7 Rd3 68.Kb6  1/2-1/2

[Event "San Francisco op"]
[Site "San Francisco"]
[Date "1995.??.??"]
[Round "?"]
[White "Sevillano, Enrico"]
[Black "Fedorowicz, John P"]
[Result "1-0"]
[WhiteElo "2440"]
[BlackElo "2545"]

1.e4 c5 2.c3 d5 3.exd5 Qxd5 4.d4 e6 5.Nf3 Nf6 6.Bd3 Be7 7.O-O O-O 8.Qe2 cxd4
9.cxd4 Nc6 10.Rd1 Nb4 11.Nc3 Qh5 12.Bb1 b6 13.a3 Nbd5 14.Ne4 Nxe4 15.Bxe4 Bb7
16.Qe1 Rab8 17.Ne5 Nf6 18.Bxb7 Rxb7 19.Bf4 Qf5 20.Bg3 Ne4 21.Rac1 f6 22.Nc4 Rd7
23.Ne3 Qg6 24.Rc6 Qf7 25.Nf1 Nd6 26.Bxd6 Bxd6 27.Qe2 Rfd8 28.Qc4 Bc5 29.Rxe6 Rxd4
30.Rxd4 Bxd4 31.b4 g6 32.h4 Kg7 33.h5 b5 34.Qc6 Qd7 35.Qe4 Kf7 36.Rc6 Re8
37.Qc2 Re2 38.Rxf6+ Bxf6 39.Qxe2 a6 40.Qf3 gxh5 41.Qxh5+ Kg8 42.Ne3 Bb2 43.Nf5 Qe6
44.Qg4+ Kf8 45.Qf3 Ke8 46.g4 Kd8 47.Ng3 Kc7 48.g5 Kb6 49.Qd3 Qg4 50.Qd6+ Kb7
51.Qe7+ Kb6 52.Qc5+ Kb7 53.Qc2 Bxa3 54.Qxh7+ Kb6 55.Qg6+ Kc7 56.Qg7+ Kd6
57.Qf6+ Qe6 58.Qc3 Qa2 59.Nf5+ Kd7 60.Qg7+ Kc6 61.Ne7+ Kd6 62.Nf5+ Kc6 63.Nd4+ Kd6
64.Qf6+ Kd7 65.Qc6+ Kd8 66.Qa8+ Ke7 67.Qb7+ Kf8 68.Qc8+ Kg7 69.Ne6+ Kh7 70.Qd7+ Kg6
71.Qg7+ Kh5 72.Qh7+ Kg4 73.Qe4+ Kh5 74.Kg2 Qb3 75.f3  1-0

[Event "Donner mem op"]
[Site "Amsterdam"]
[Date "1996.??.??"]
[Round "2"]
[White "Vrenegoor, Taco"]
[Black "Fedorowicz, John P"]
[Result "1/2-1/2"]
[WhiteElo "2320"]
[BlackElo "2500"]

1.e4 c5 2.Nf3 Nc6 3.d4 cxd4 4.Nxd4 Nf6 5.Nc3 d6 6.Bc4 Qb6 7.Nb3 e6 8.O-O Be7
9.Be3 Qc7 10.f4 a6 11.Bd3 b5 12.Qf3 Bb7 13.Qh3 Nb8 14.a3 Nbd7 15.g4 h5 16.g5 Ng4
17.Bd2 Qb6+ 18.Kg2 f6 19.Qf3 fxg5 20.h3 Ngf6 21.Be3 g4 22.hxg4 hxg4 23.Qg3 Qc7
24.Rh1 O-O-O 25.Rxh8 Rxh8 26.Rh1 Rxh1 27.Kxh1 e5 28.Kg1 exf4 29.Qxf4 Ne5
30.Nd4 g6 31.Qh6 Qd7 32.Qh8+ Bd8 33.Nde2 Qe8 34.Qxe8 Nxe8 35.Kf2 Bh4+ 36.Kf1 Nf6
37.Nf4 Kd7 38.Bd4 Bg5 39.Bxe5 dxe5 40.Nfd5 Nxd5 41.Nxd5 Kd6 42.b3 Bxd5 43.exd5 Kxd5
44.Bxg6 e4 45.c4+ bxc4 46.Bf7+ Kd4 47.Bxc4 a5 48.Be2 Kc3 49.b4  1/2-1/2

[Event "Donner mem op"]
[Site "Amsterdam"]
[Date "1996.??.??"]
[Round "3"]
[White "Fedorowicz, John P"]
[Black "Kohler, Aran"]
[Result "1-0"]
[WhiteElo "2500"]
[BlackElo "2320"]

1.e4 e5 2.Nf3 Nc6 3.Bb5 a6 4.Ba4 Nf6 5.O-O Be7 6.Re1 b5 7.Bb3 O-O 8.d4 d6
9.c3 Re8 10.Nbd2 Bf8 11.d5 Ne7 12.Nf1 h6 13.a4 Bb7 14.Ng3 Qd7 15.h3 g6 16.Be3 c6
17.dxc6 Bxc6 18.axb5 axb5 19.Qd2 Qb7 20.Rxa8 Qxa8 21.Bxh6 Nc8 22.Bxf8 Kxf8
23.Qh6+ Ke7 24.Qg7 Rf8 25.Nh4  1-0

[Event "Donner mem op"]
[Site "Amsterdam"]
[Date "1996.??.??"]
[Round "5"]
[White "Fedorowicz, John P"]
[Black "Bellin, Robert"]
[Result "1/2-1/2"]
[WhiteElo "2500"]
[BlackElo "2375"]

1.e4 c5 2.Nf3 Nc6 3.d4 cxd4 4.Nxd4 e5 5.Nb5 d6 6.c4 Be7 7.N1c3 a6 8.Na3 Be6
9.Bd3 Bg5 10.O-O Bxc1 11.Rxc1 Nf6 12.Nc2 O-O 13.Qd2 Qb6 14.Ne3 Rfc8 15.b3 Rab8
16.Kh1 Qa5 17.Ned5 Nd7 18.Qe3 Kh8 19.Rfd1 b5 20.Rd2 Nd4 21.Rcd1 Nb6 22.b4 Qa3
23.Nb1 Qa4 24.Nbc3 Qa3 25.Nb1  1/2-1/2

[Event "Donner mem op"]
[Site "Amsterdam"]
[Date "1996.??.??"]
[Round "6"]
[White "Afek, Yochanan"]
[Black "Fedorowicz, John P"]
[Result "0-1"]
[WhiteElo "2355"]
[BlackElo "2500"]

1.e4 c5 2.Nf3 d6 3.d4 Nf6 4.Nc3 cxd4 5.Nxd4 Nc6 6.Bc4 Qb6 7.Nb3 e6 8.O-O Be7
9.Be3 Qc7 10.f4 a6 11.a3 b5 12.Bd3 Rb8 13.Qf3 b4 14.Ne2 e5 15.f5 Bb7 16.Ng3 h5
17.h3 h4 18.Ne2 d5 19.exd5 e4 20.Bf4 exf3 21.Bxc7 Nxd5 22.Bxb8 fxe2 23.Bxe2 Nxb8
24.Bf3 bxa3 25.c4 Ne3 26.Bxb7 Nxf1 27.Kxf1 axb2 28.Rb1 Bf6 29.Nc5 Rh5 30.Nxa6 Rxf5+
31.Ke2 Nxa6 32.Bxa6 Kd7 33.Bb7 Kd6 34.Kd3 Rf2 35.Bf3 Kc5 36.Ke3 Rc2 37.Be2 Bd4+
38.Kf3 f5  0-1

[Event "Chicago op"]
[Site "Chicago"]
[Date "1997.??.??"]
[Round "4"]
[White "Fedorowicz, John P"]
[Black "Gratz, Glen"]
[Result "1/2-1/2"]
[WhiteElo "2510"]
[BlackElo "2210"]

1.e4 c5 2.Nf3 d6 3.d4 cxd4 4.Nxd4 Nf6 5.Nc3 a6 6.Be2 e5 7.Nb3 Be7 8.Be3 Be6
9.Nd5 Nxd5 10.exd5 Bf5 11.Qd2 Qc7 12.c4 a5 13.a4 b6 14.O-O Na6 15.f4 Bd7
16.Rfd1 f6 17.fxe5 fxe5 18.Rf1 Rf8 19.Qc2 g6 20.Rxf8+ Bxf8 21.Bf1 Nc5 22.Nxc5 bxc5
23.Bd3 Rb8 24.Bxg6+ hxg6 25.Qxg6+ Kd8 26.Qg8 Qb6 27.Qxf8+ Kc7 28.Qh6 Qxb2
29.Re1 Qc2 30.h4 Rb2 31.Qg7 Qxc4 32.Qg3 Qxd5 33.h5 Bc6 34.Bf2 Qd2 35.Qg7+ Kb6
36.Qf6 Qd5 37.Qg5 Qf7 38.Rf1 Qh7 39.h6 Be4 40.Rd1 Rb1 41.Rxb1+ Bxb1 42.Qd8+ Qc7
43.Qa8 Qb7 44.Qf8 Kc6 45.Qe8+ Kd5 46.Qg8+ Kc6 47.Qe6 Bd3 48.Qe8+ Kd5 49.Qg8+ Kc6  1/2-1/2

[Event "New York op"]
[Site "New York"]
[Date "1997.??.??"]
[Round "?"]
[White "Ivanov, Alexander"]
[Black "Fedorowicz, John P"]
[Result "1/2-1/2"]
[WhiteElo "2600"]
[BlackElo "2510"]

1.e4 c5 2.Nf3 d6 3.d4 cxd4 4.Nxd4 Nf6 5.Nc3 g6 6.g3 Nc6 7.Bg2 Bd7 8.O-O e6
9.Nxc6 Bxc6 10.a4 Be7 11.Be3 O-O 12.a5 Nd7 13.Qe2 Qc7 14.Rfd1 Rae8 15.Qc4 Ne5
16.Qa2 Bd7 17.Bd4 Rc8 18.f4 Nc4 19.b3 Ne3 20.Bxe3 Qxc3 21.Bd2 Qc5+ 22.Kh1 Qxc2
23.Bb4 Rfe8 24.Qa3 Bf8  1/2-1/2

[Event "New York op"]
[Site "New York"]
[Date "1997.??.??"]
[Round "?"]
[White "Gurevich, Dmitry"]
[Black "Fedorowicz, John P"]
[Result "1-0"]
[WhiteElo "2580"]
[BlackElo "2510"]

1.Nf3 Nf6 2.c4 g6 3.Nc3 d5 4.cxd5 Nxd5 5.Qa4+ Bd7 6.Qh4 Nxc3 7.Qd4 f6 8.Qxc3 Nc6
9.b4 a6 10.e3 e5 11.a3 Qe7 12.Bb2 Bg7 13.Rc1 O-O 14.Bc4+ Kh8 15.h4 h5 16.Bd5 Rfe8
17.Qc2 Bf5 18.Qc5 Qd8 19.e4 Be6 20.Bxc6 bxc6 21.d4 exd4 22.Nxd4 Bf7 23.f3 a5
24.O-O axb4 25.axb4 Ra2 26.Rf2 Kg8 27.Nxc6 Qd3 28.Bd4 Rxf2 29.Bxf2 Bf8 30.Qd4 Qa3
31.Qc3 Qa6 32.Qxf6 Re6 33.Qc3 Bg7 34.e5 Re8 35.f4 Qe2 36.Nd4 Qg4 37.Qf3 Qd7
38.Qc6 Qc8 39.e6 Bxe6 40.Nxe6 Rxe6 41.Qxc7 Qxc7 42.Rxc7 Re4 43.b5 Rxf4 44.b6 Rb4
45.Bc5 Rb5 46.Be3 Bf6 47.g3 Be5 48.Rc5 Rxc5 49.Bxc5 Bxg3 50.Kg2 Be5 51.Bg1  1-0

[Event "World op"]
[Site "Philadelphia"]
[Date "1997.??.??"]
[Round "5"]
[White "Fedorowicz, John P"]
[Black "Schroer, Jonathan"]
[Result "1/2-1/2"]
[WhiteElo "2510"]
[BlackElo "2345"]

1.d4 Nf6 2.c4 c6 3.Nf3 d5 4.Nc3 dxc4 5.a4 a5 6.e4 Bg4 7.e5 Nd5 8.Bxc4 e6
9.O-O Nd7 10.h3 Bh5 11.Nxd5 cxd5 12.Bb5 Be7 13.Bf4 O-O 14.Rc1 Nb8 15.g4 Bg6
16.Ne1 Nc6 17.Be3  1/2-1/2

[Event "Mechanics"]
[Site "San Francisco"]
[Date "1997.??.??"]
[Round "7"]
[White "Stein, Aleksander"]
[Black "Fedorowicz, John P"]
[Result "0-1"]
[WhiteElo "2295"]
[BlackElo "2510"]

1.e4 c5 2.Nf3 d6 3.d4 Nf6 4.Nc3 cxd4 5.Nxd4 Nc6 6.Be2 e5 7.Nf3 h6 8.O-O Be7
9.Re1 O-O 10.h3 Re8 11.Bf1 Bf8 12.Nh2 a6 13.Ng4 Nxg4 14.hxg4 Be6 15.Nd5 Nb8
16.c4 Nd7 17.Bd2 a5 18.Rc1 Nc5 19.Rc3 Bxd5 20.cxd5 Be7 21.Bb5 Rf8 22.Rc2 Rc8
23.Re2 Bg5 24.Be1 Qb6 25.a4 g6 26.Rc4 Rc7 27.Qc2 Rfc8 28.b3 Na6 29.Qd3 Rxc4
30.Bxc4 Nc5 31.Qc3 Ra8 32.g3 Qd8 33.Kg2 Qd7 34.f3 Bf6 35.Bf2 b6 36.Bb5 Qe7
37.Re1 Kg7 38.Bc6 Rh8 39.Qc4 h5 40.gxh5 gxh5 41.Rh1 h4 42.g4 Bg5 43.Qc3 Qf6
44.Rh3 Qf4 45.Bxc5 bxc5 46.Qe1 Bd8 47.Bb5 Kf8 48.Bc4 Rh6 49.Kh1 Rh8 50.Kg2 Qh6
51.Kh1 Kg7 52.Kg2 Bg5 53.Kh1 Bd2 54.Qe2 Qf4 55.Kg2 Bc3 56.Kh1 Kf6 57.Kg2 Kg5
58.Kh1 Qc1+ 59.Kg2 Bd4 60.Qf1 Qd2+ 61.Kh1 Kf4 62.Rh2 Qe3 63.Rh3 Bc3 64.Kg2 Be1
65.Rh1 Bg3 66.Rh3  0-1

[Event "Eastern op"]
[Site "Washington DC"]
[Date "1997.??.??"]
[Round "6"]
[White "Fedorowicz, John P"]
[Black "Shliperman, Igor"]
[Result "1-0"]
[WhiteElo "2510"]
[BlackElo "2410"]

1.d4 e6 2.e4 d5 3.Nc3 Nf6 4.e5 Nfd7 5.f4 c5 6.Nf3 Nc6 7.Be3 Qb6 8.Na4 Qa5+
9.c3 cxd4 10.b4 Nxb4 11.cxb4 Bxb4+ 12.Bd2 Bxd2+ 13.Nxd2 b6 14.Kf2 g5 15.Nf3 gxf4
16.Qxd4 f6 17.Be2 O-O 18.exf6 Nxf6 19.Rhc1 Ng4+ 20.Kg1 Rf5 21.Rc7 e5 22.Qc3 Qxc3
23.Nxc3 Nf6 24.h4 Rh5 25.Ng5 Rxh4 26.Nxd5 Nxd5 27.Bc4 Be6 28.Nxe6 Ne3 29.Bb3 b5
30.Rac1  1-0

[Event "New York op"]
[Site "New York"]
[Date "1998.03.19"]
[Round "6"]
[White "Fedorowicz, John P"]
[Black "Gulko, Boris F"]
[Result "1/2-1/2"]
[WhiteElo "2495"]
[BlackElo "2585"]

1.e4 c6 2.d4 d5 3.Nc3 dxe4 4.Nxe4 Nd7 5.Ng5 Ngf6 6.Bd3 e6 7.N1f3 Bd6 8.Qe2 h6
9.Ne4 Nxe4 10.Qxe4 Qc7 11.Qg4 Kf8 12.Qe4 c5 13.c3 cxd4  1/2-1/2